[Event "SportAccord Blitz Men 2013"]
[Site "Beijing CHN"]
[Date "2013.12.14"]
[Round "3.5"]
[White "Grischuk, Alexander"]
[Black "Dominguez Perez, Leinier"]
[Result "1-0"]
[WhiteTitle "GM"]
[BlackTitle "GM"]
[WhiteElo "2783"]
[BlackElo "2754"]
[WhiteFideId "4126025"]
[BlackFideId "3503240"]
[EventDate "2013.12.14"]

1. c4 c5 2. g3 g6 3. Bg2 Bg7 4. Nc3 Nc6 5. Nf3 d6 6. O-O e6 7. e3 Nge7 8. d4 O-O
9. Re1 Re8 10. b3 Rb8 11. Bb2 cxd4 12. exd4 d5 13. cxd5 exd5 14. Ne5 Be6 15. Qd2
Rc8 16. Rad1 Qa5 17. Nxc6 Nxc6 18. Nxd5 Qxa2 19. Nc3 Qxb3 20. d5 Red8 21. Qc1
Bg4 22. dxc6 Bxd1 23. Nxd1 Bxb2 24. Nxb2 bxc6 25. Nc4 Qd3 26. h4 Re8 27. Rd1 Qe2
28. Bf1 Qf3 29. Rd3 Qg4 30. Nd6 Rcd8 31. Nxe8 Rxe8 32. Qxc6 Re1 33. Rd8+ 1-0

[Event "SportAccord Blitz Men 2013"]
[Site "Beijing CHN"]
[Date "2013.12.14"]
[Round "3.6"]
[White "Nepomniachtchi, Ian"]
[Black "Radjabov, Teimour"]
[Result "0-1"]
[WhiteTitle "GM"]
[BlackTitle "GM"]
[WhiteElo "2721"]
[BlackElo "2713"]
[WhiteFideId "4168119"]
[BlackFideId "13400924"]
[EventDate "2013.12.14"]

1. e4 c5 2. Nf3 Nc6 3. Bb5 e6 4. Bxc6 bxc6 5. b3 d6 6. O-O Ne7 7. Re1 Ng6 8. Na3
Be7 9. Nc4 O-O 10. e5 d5 11. Ne3 f6 12. Bb2 a5 13. a4 Rb8 14. d3 Qc7 15. Ng4 f5
16. Ne3 Bd7 17. Qc1 Be8 18. Nf1 Nh8 19. Ba3 Nf7 20. Qe3 Qb6 21. Qd2 Rb7 22. Ng3
Qa7 23. Ne2 g5 24. Ng3 g4 25. Nd4 Bg5 26. f4 gxf3 27. Qf2 cxd4 28. Nh5 c5 29.
Qxf3 Kh8 30. Kh1 Rg8 31. Qh3 Rg6 32. Qf3 Rh6 33. Re2 Rc7 34. Rf1 Qb8 35. Nf6
Bxf6 36. exf6 Rxf6 37. Qf4 Qd8 38. Bc1 Rg6 39. Qf2 Kg8 40. Bf4 Rd7 41. Rfe1 Re7
42. Bg3 Qb6 43. Bh4 Rb7 44. Qf3 Qd6 45. Bg3 Qc6 46. Qf4 Bd7 47. Qh4 Qc8 48. Qe7
Bxa4 49. Qh4 Be8 50. Ra1 Ra7 51. Be1 Qd8 52. Qf4 Bd7 53. b4 e5 54. Qf2 cxb4 55.
Bxb4 a4 56. c3 Rb7 57. Qe1 dxc3 58. Bxc3 d4 59. Bb4 Bc6 0-1

[Event "SportAccord Blitz Men 2013"]
[Site "Beijing CHN"]
[Date "2013.12.14"]
[Round "3.7"]
[White "Mamedyarov, Shakhriyar"]
[Black "Karjakin, Sergey"]
[Result "0-1"]
[WhiteTitle "GM"]
[BlackTitle "GM"]
[WhiteElo "2757"]
[BlackElo "2756"]
[WhiteFideId "13401319"]
[BlackFideId "14109603"]
[EventDate "2013.12.14"]

1. d4 Nf6 2. c4 e6 3. Nc3 Bb4 4. Qc2 d5 5. cxd5 Qxd5 6. Nf3 Qf5 7. Qb3 Nc6 8.
Bd2 O-O 9. Rc1 Bd6 10. h3 e5 11. g4 Qd7 12. g5 exd4 13. gxf6 dxc3 14. Bxc3 Re8
15. Rd1 Qf5 16. Qd5 g6 17. a3 Qxd5 18. Rxd5 Be6 19. Rd2 Bf5 20. Bg2 Be4 21. O-O
h6 22. Rfd1 g5 23. e3 Kh7 24. b4 a6 25. Ne1 Kg6 26. Nd3 Bxg2 27. Kxg2 Re4 28.
Rc2 h5 29. Bb2 Rd8 30. Kf3 Rh4 31. Kg2 g4 32. hxg4 hxg4 33. Ne5+ Bxe5 34. Rxd8
Nxd8 35. Bxe5 c6 36. Rd2 Ne6 37. Rd7 Rh5 38. Bc3 b5 39. Kg3 Rf5 40. Rd6 Ng5 41.
Kg2 Rxf2+ 42. Kxf2 Ne4+ 43. Kg2 Nxd6 0-1

[Event "SportAccord Blitz Men 2013"]
[Site "Beijing CHN"]
[Date "2013.12.14"]
[Round "3.8"]
[White "Wang, Yue"]
[Black "Ivanchuk, Vassily"]
[Result "1-0"]
[WhiteTitle "GM"]
[BlackTitle "GM"]
[WhiteElo "2723"]
[BlackElo "2731"]
[WhiteFideId "8601429"]
[BlackFideId "14100010"]
[EventDate "2013.12.14"]

1. c4 e5 2. g3 g6 3. Bg2 Bg7 4. Nc3 d6 5. d3 f5 6. e4 Nc6 7. Nge2 Nf6 8. Nd5 O-O
9. Bg5 Ne7 10. Qd2 c6 11. Nxf6+ Bxf6 12. Bxf6 Rxf6 13. O-O fxe4 14. dxe4 c5 15.
f4 Nc6 16. f5 Nd4 17. g4 Bd7 18. Ng3 b5 19. Rf2 bxc4 20. Raf1 Qe7 21. g5 Rff8
22. h4 Bb5 23. h5 Rab8 24. Qe3 Bd7 25. hxg6 hxg6 26. Bh3 Qh7 27. Rh2 Qh4 28.
Rff2 Bc6 29. Bf1 Qg4 30. Bxc4+ d5 31. exd5 Bb5 32. Qxe5 Bxc4 33. Rh8+ Kf7 34.
Rh7+ 1-0

[Event "SportAccord Blitz Men 2013"]
[Site "Beijing CHN"]
[Date "2013.12.14"]
[Round "4.1"]
[White "Aronian, Levon"]
[Black "Ivanchuk, Vassily"]
[Result "1-0"]
[WhiteTitle "GM"]
[BlackTitle "GM"]
[WhiteElo "2803"]
[BlackElo "2731"]
[WhiteFideId "13300474"]
[BlackFideId "14100010"]
[EventDate "2013.12.14"]

1. c4 e6 2. Nc3 d5 3. d4 c6 4. e3 Bd6 5. Bd3 f5 6. Nf3 Nf6 7. O-O O-O 8. Ne5
Nbd7 9. f4 Ne4 10. Bd2 Nxe5 11. fxe5 Nxd2 12. Qxd2 Bxe5 13. cxd5 Bc7 14. dxc6
bxc6 15. Rac1 Kh8 16. Ne2 e5 17. Qc2 Qg5 18. Kh1 Bd7 19. Rce1 Rae8 20. Qc1 f4
21. exf4 exf4 22. Ng1 Qd5 23. Nf3 Bd6 24. Qc2 g6 25. Be4 Qb5 26. a4 Qb6 27. Qc1
Kg7 28. d5 cxd5 29. Bxd5 Re3 30. b3 Rf6 31. Qa1 h6 32. Rd1 Qb4 33. Bc4 Bc6 34.
Nd4 Bd7 35. Nc2 Qc5 36. Nxe3 Qxe3 37. Rxd6 1-0

[Event "SportAccord Blitz Men 2013"]
[Site "Beijing CHN"]
[Date "2013.12.14"]
[Round "4.2"]
[White "Karjakin, Sergey"]
[Black "Wang, Yue"]
[Result "0-1"]
[WhiteTitle "GM"]
[BlackTitle "GM"]
[WhiteElo "2756"]
[BlackElo "2723"]
[WhiteFideId "14109603"]
[BlackFideId "8601429"]
[EventDate "2013.12.14"]

1. e4 c5 2. Nf3 Nc6 3. Nc3 e6 4. d4 cxd4 5. Nxd4 Qc7 6. Be3 a6 7. Be2 b5 8. Nxc6
Qxc6 9. Bf3 Bb7 10. O-O Qc7 11. Qd2 Rc8 12. Rad1 d6 13. a3 Nf6 14. Bf4 Nd7 15.
Bxd6 Bxd6 16. Qxd6 Qxd6 17. Rxd6 Ke7 18. Rfd1 Ne5 19. Be2 g5 20. f3 Rc7 21. Kf2
Rhc8 22. R6d2 h5 23. Rc1 h4 24. Nd1 g4 25. Ne3 Rg8 26. c4 g3+ 27. hxg3 hxg3+ 28.
Ke1 Ng6 29. Rdc2 bxc4 30. Rxc4 Rd7 31. Rd1 Nf4 32. Rxd7+ Kxd7 33. e5 Nd5 34.
Nxd5 Bxd5 35. Rf4 Ke7 36. Rh4 Rg5 37. f4 Rg8 0-1

[Event "SportAccord Blitz Men 2013"]
[Site "Beijing CHN"]
[Date "2013.12.14"]
[Round "4.4"]
[White "Dominguez Perez, Leinier"]
[Black "Nepomniachtchi, Ian"]
[Result "0-1"]
[WhiteTitle "GM"]
[BlackTitle "GM"]
[WhiteElo "2754"]
[BlackElo "2721"]
[WhiteFideId "3503240"]
[BlackFideId "4168119"]
[EventDate "2013.12.14"]

1. e4 e6 2. d4 d5 3. Nd2 a5 4. Ngf3 a4 5. Bd3 Nf6 6. O-O Be7 7. c4 dxe4 8. Nxe4
Nc6 9. Be3 a3 10. bxa3 Rxa3 11. Nxf6+ gxf6 12. Re1 Nb4 13. Bf1 b6 14. Qd2 Bb7
15. d5 e5 16. Qb2 Ra5 17. a3 Na6 18. Nh4 Bc8 19. Bd3 Nc5 20. Bf5 Bxf5 21. Nxf5
Nd3 22. Qe2 Nxe1 23. Rxe1 Qd7 24. Qh5 Bxa3 25. h3 Kd8 26. Bh6 Bf8 27. Bxf8 Rxf8
28. Qh6 Re8 29. Qxf6+ Kc8 30. Ng7 Rg8 31. Nf5 Kb7 32. Rxe5 Rg6 33. Qe7 Qxe7 34.
Rxe7 Rc5 35. Ne3 Rf6 36. g4 Kc8 37. Kg2 Kd8 38. Re5 c6 39. Re4 cxd5 40. Nxd5
Rfc6 41. Ne3 Re6 42. Rd4+ Kc7 43. Kg3 h5 44. Rf4 f6 45. Nd5+ Kb7 46. Nxf6 hxg4
47. hxg4 Rec6 48. Nd5 Rxc4 49. Rf7+ Ka6 50. g5 b5 51. f4 b4 52. Rf8 b3 53. Rb8
Rd6 54. Nf6 Rb6 55. Ra8+ Kb7 56. Ra1 b2 57. Rb1 Rc1 58. Rxb2 Rxb2 59. Kg4 Rf1
60. Kf5 Rb5+ 61. Kg4 Kc7 62. Nh5 Rg1+ 63. Kf3 Kd7 64. Ke4 Re1+ 65. Kf3 Ke6 66.
Ng3 Rb3+ 0-1

[Event "SportAccord Blitz Men 2013"]
[Site "Beijing CHN"]
[Date "2013.12.14"]
[Round "4.5"]
[White "Giri, Anish"]
[Black "Grischuk, Alexander"]
[Result "1-0"]
[WhiteTitle "GM"]
[BlackTitle "GM"]
[WhiteElo "2734"]
[BlackElo "2783"]
[WhiteFideId "24116068"]
[BlackFideId "4126025"]
[EventDate "2013.12.14"]

1. d4 Nf6 2. c4 g6 3. Nf3 Bg7 4. g3 b6 5. Bg2 Bb7 6. O-O O-O 7. d5 Na6 8. Nc3
Nc5 9. Nd4 e5 10. Nb3 d6 11. e4 Nfd7 12. Be3 a5 13. Nd2 f5 14. exf5 gxf5 15. f4
e4 16. g4 Qh4 17. gxf5 Nf6 18. Bf2 Qh6 19. Ndxe4 Nfxe4 20. Nxe4 Nxe4 21. Bxe4
Qxf4 22. Qd3 Rae8 23. Rae1 Bxb2 24. Bxb6 Qh4 25. Bf2 Qf6 26. Kh1 Be5 27. Qh3 Kh8
28. Bg1 Rg8 29. Re2 Re7 30. Rg2 Reg7 31. Rxg7 Rxg7 32. Rb1 Ba6 33. Rb8+ Rg8 34.
Rxg8+ Kxg8 35. Qg4+ Kf8 36. Bd3 Bc8 37. Be3 Bd7 38. Bg5 Qg7 39. Qh4 Qf7 40. f6
Ke8 41. Bxh7 Kd8 42. Qh6 Kc8 43. Bg6 1-0

[Event "SportAccord Blitz Men 2013"]
[Site "Beijing CHN"]
[Date "2013.12.14"]
[Round "4.6"]
[White "Vachier-Lagrave, Maxime"]
[Black "Le, Quang Liem"]
[Result "0-1"]
[WhiteTitle "GM"]
[BlackTitle "GM"]
[WhiteElo "2745"]
[BlackElo "2703"]
[WhiteFideId "623539"]
[BlackFideId "12401137"]
[EventDate "2013.12.14"]

1. e4 e5 2. Nf3 Nc6 3. Bb5 Nf6 4. d3 Bc5 5. O-O d6 6. c3 O-O 7. h3 a6 8. Bxc6
bxc6 9. Re1 Re8 10. Nbd2 a5 11. Nf1 Rb8 12. Ng3 Bb6 13. Bg5 h6 14. Bh4 g6 15.
Qd2 Kg7 16. Rad1 Qe7 17. d4 Qe6 18. d5 Qe7 19. c4 Qf8 20. Bxf6+ Kxf6 21. dxc6
Kg7 22. Nf1 Be6 23. b3 Bc5 24. Re2 a4 25. Qd3 Rb6 26. Ne3 Reb8 27. Nd2 Rxc6 28.
Nd5 Qd8 29. bxa4 Ra6 30. Nb3 c6 31. Nf4 Bxf2+ 32. Rxf2 exf4 33. a5 Qg5 34. Qxd6
Re8 35. Rd3 Kg8 36. Rc3 Qf6 37. e5 Qf5 38. Qd4 g5 39. Kh2 Raa8 40. Rd2 Kg7 41.
Qc5 Rad8 42. Rd6 Qe4 43. Qd4 Qe2 44. a6 Qxa2 45. Nc5 Qa5 46. Nb7 c5 47. Qd2 Rxd6
48. Nxd6 Ra8 49. Rb3 Qxd2 0-1

[Event "SportAccord Blitz Men 2013"]
[Site "Beijing CHN"]
[Date "2013.12.14"]
[Round "4.7"]
[White "Ponomariov, Ruslan"]
[Black "Kamsky, Gata"]
[Result "1-0"]
[WhiteTitle "GM"]
[BlackTitle "GM"]
[WhiteElo "2731"]
[BlackElo "2721"]
[WhiteFideId "14103320"]
[BlackFideId "2000024"]
[EventDate "2013.12.14"]

1. e4 c5 2. Nf3 e6 3. d4 cxd4 4. Nxd4 a6 5. Nc3 b5 6. Bd3 Bc5 7. Nb3 Ba7 8. Qe2
d6 9. Be3 e5 10. a4 bxa4 11. Rxa4 Nf6 12. O-O O-O 13. Rfa1 h6 14. h3 Re8 15. Nd2
Bxe3 16. Qxe3 Nbd7 17. b4 Nb6 18. R4a3 d5 19. exd5 Nbxd5 20. Nxd5 Nxd5 21. Qc5
Nf4 22. Be4 Rb8 23. Nc4 Re6 24. Ne3 g6 25. Rd1 Qg5 26. Qc7 Reb6 27. Rd8+ Kg7 28.
Rxc8 Nxh3+ 29. Kf1 Rxc8 30. Qxc8 Rxb4 31. gxh3 Rxe4 32. Rxa6 Rxe3 33. fxe3 Qxe3
34. Ra8 Qf3+ 35. Ke1 Qe3+ 36. Kd1 Qg1+ 37. Kd2 Qd4+ 38. Kc1 Qf4+ 39. Kb2 Qd4+
40. Kb3 Qd5+ 41. c4 Qd3+ 42. Kb4 Qd2+ 43. Kb5 Qb2+ 44. Kc6 Kf6 45. c5 e4 46.
Qd8+ Kf5 47. Qd5+ Kf4 48. Qxf7+ Ke3 49. Ra2 Qb8 50. Qf2+ Kd3 51. Qd2+ 1-0

[Event "SportAccord Blitz Men 2013"]
[Site "Beijing CHN"]
[Date "2013.12.14"]
[Round "4.8"]
[White "Wang, Hao"]
[Black "Leko, Peter"]
[Result "1/2-1/2"]
[WhiteTitle "GM"]
[BlackTitle "GM"]
[WhiteElo "2735"]
[BlackElo "2730"]
[WhiteFideId "8602883"]
[BlackFideId "703303"]
[EventDate "2013.12.14"]

1. Nf3 Nf6 2. g3 e6 3. Bg2 Be7 4. O-O d5 5. d3 O-O 6. Nbd2 c5 7. e4 Nc6 8. Re1
b5 9. a4 b4 10. exd5 Nxd5 11. Nc4 Bb7 12. h4 h6 13. Nfe5 Nxe5 14. Nxe5 Qc7 15.
Qg4 Nf6 16. Qe2 Bxg2 17. Kxg2 Nd7 18. Nf3 Rac8 19. b3 Bf6 20. Rb1 Bc3 21. Bd2
Bxd2 22. Nxd2 Nb6 23. Qf3 Rfd8 24. Re4 Rd5 25. Rbe1 Rcd8 26. Rf4 Rd4 27. a5 Nc8
28. Rxd4 Rxd4 29. Nc4 Nd6 30. Qa8+ Kh7 31. a6 Nxc4 32. bxc4 Rd6 33. Ra1 Qc6+ 34.
Qxc6 Rxc6 35. Kf3 Kg6 36. Ke4 Kf6 37. d4 Ke7 38. Ra5 Kd6 39. f4 h5 40. Kd3 g6
41. c3 bxc3 42. Kxc3 f6 43. Kd3 Rc7 44. Rb5 Rc6 45. dxc5+ Rxc5 46. Rb7 Rc7 47.
Rb5 Rc6 48. Ra5 Rc5 49. Ra4 g5 50. Kd4 gxh4 51. gxh4 Rf5 52. Ke4 Rc5 53. Kd4 Rf5
54. Kc3 Kc6 55. Rb4 Rxf4 56. Rb7 Rxh4 57. Rxa7 Kb6 58. Re7 Kxa6 59. Rxe6+ Kb7
60. Rxf6 1/2-1/2

[Event "SportAccord Blitz Men 2013"]
[Site "Beijing CHN"]
[Date "2013.12.14"]
[Round "5.1"]
[White "Leko, Peter"]
[Black "Aronian, Levon"]
[Result "0-1"]
[WhiteTitle "GM"]
[BlackTitle "GM"]
[WhiteElo "2730"]
[BlackElo "2803"]
[WhiteFideId "703303"]
[BlackFideId "13300474"]
[EventDate "2013.12.14"]

1. e4 c5 2. Nf3 e6 3. d4 cxd4 4. Nxd4 Nf6 5. Nc3 Bb4 6. e5 Nd5 7. Bd2 Bxc3 8.
bxc3 O-O 9. c4 Ne7 10. Bd3 Ng6 11. Bxg6 fxg6 12. O-O d5 13. exd6 Qxd6 14. Nb5
Qe7 15. Qe2 Nc6 16. Rfe1 e5 17. Nc3 Be6 18. Be3 Qf7 19. c5 Rad8 20. Ne4 Bc4 21.
Qg4 Qf5 22. h3 Qxg4 23. hxg4 Be6 24. f3 Nb4 25. Re2 Bc4 26. Rf2 Bd5 27. Nd6 b6
28. a3 Na6 29. Rd2 Bc6 30. cxb6 axb6 31. Bxb6 Rb8 32. Be3 Nc7 33. c4 Rb3 34. Bf2
Ne6 35. a4 Nf4 36. Ne4 Nxg2 37. Bc5 Nh4 38. Bxf8 Nxf3+ 39. Kf2 Nxd2 40. Nxd2 Rb2
41. Ke3 Kxf8 42. a5 Ke7 43. a6 Kd6 44. Rf1 Ra2 45. Rf7 Ra3+ 46. Ke2 Rxa6 47.
Rxg7 Kc5 48. Rxh7 e4 49. Rg7 Ba8 50. Ke3 Ra3+ 51. Kf4 e3 52. Nf3 e2 53. Ne1 Ra1
54. Nd3+ Kxc4 55. Ne5+ Kd5 56. Nd3 Kc4 57. Ne5+ Kc3 58. Rc7+ Kd2 59. Rd7+ Ke1
60. Nd3+ Kf1 61. Kg5 Be4 0-1

[Event "SportAccord Blitz Men 2013"]
[Site "Beijing CHN"]
[Date "2013.12.14"]
[Round "5.2"]
[White "Kamsky, Gata"]
[Black "Wang, Hao"]
[Result "1/2-1/2"]
[WhiteTitle "GM"]
[BlackTitle "GM"]
[WhiteElo "2721"]
[BlackElo "2735"]
[WhiteFideId "2000024"]
[BlackFideId "8602883"]
[EventDate "2013.12.14"]

1. e4 c6 2. d4 d5 3. e5 Bf5 4. Nf3 e6 5. Be2 Ne7 6. O-O Bg6 7. b3 Nf5 8. c4 Be7
9. Bb2 O-O 10. Nbd2 a5 11. Re1 a4 12. c5 Nd7 13. b4 b6 14. a3 b5 15. Nf1 Bh5 16.
Ng3 Nxg3 17. hxg3 Bxf3 18. gxf3 g6 19. f4 Kg7 20. Bg4 h5 21. Bh3 Rh8 22. Qf3 Qg8
23. Re3 Kf8 24. Kf1 Ke8 25. Ke2 Kd8 26. Rh1 Kc7 27. Kd1 Qg7 28. Bc3 Rh7 29. Bf1
Rah8 30. Rh3 Kb7 31. Bd3 Nb8 32. Re1 Na6 33. Reh1 Nc7 34. R1h2 Ne8 35. Qh1 f5
36. f3 Qf7 37. Bd2 Ng7 38. Qf1 Qe8 39. g4 Bd8 40. g5 Qd7 41. Qh1 Qe8 42. Qf1 Qd7
43. Qh1 Qe8 44. Qf1 1/2-1/2

[Event "SportAccord Blitz Men 2013"]
[Site "Beijing CHN"]
[Date "2013.12.14"]
[Round "5.4"]
[White "Grischuk, Alexander"]
[Black "Vachier-Lagrave, Maxime"]
[Result "0-1"]
[WhiteTitle "GM"]
[BlackTitle "GM"]
[WhiteElo "2783"]
[BlackElo "2745"]
[WhiteFideId "4126025"]
[BlackFideId "623539"]
[EventDate "2013.12.14"]

1. e4 c5 2. Nf3 d6 3. d4 cxd4 4. Nxd4 Nf6 5. Nc3 a6 6. Bg5 e6 7. f4 h6 8. Bh4
Qb6 9. Qd2 Qxb2 10. Rb1 Qa3 11. Bxf6 gxf6 12. Be2 Nc6 13. Nxc6 bxc6 14. O-O Bg7
15. Kh1 O-O 16. Rb3 Qa5 17. Qxd6 Rd8 18. Qa3 Qxa3 19. Rxa3 Rb8 20. Bd3 Bf8 21.
Rb3 Rb4 22. Rxb4 Bxb4 23. Na4 a5 24. Rb1 c5 25. Nb6 Bb7 26. Nc4 Ba6 27. a3 Bxc4
28. Bxc4 Bxa3 29. c3 Bb2 30. g3 Rd2 31. Bb5 Bxc3 32. Rc1 Bb4 33. f5 Kf8 34. fxe6
fxe6 35. Rf1 Ke7 36. Rf4 Rb2 37. Rg4 Bc3 38. Rg7+ Kd6 39. Rd7+ Ke5 40. Bc6 Bd4
41. Ra7 Ra2 42. Bb5 Kxe4 43. Ra6 Kf3 44. Bc6+ Kf2 0-1

[Event "SportAccord Blitz Men 2013"]
[Site "Beijing CHN"]
[Date "2013.12.14"]
[Round "5.5"]
[White "Nepomniachtchi, Ian"]
[Black "Giri, Anish"]
[Result "1-0"]
[WhiteTitle "GM"]
[BlackTitle "GM"]
[WhiteElo "2721"]
[BlackElo "2734"]
[WhiteFideId "4168119"]
[BlackFideId "24116068"]
[EventDate "2013.12.14"]

1. d4 Nf6 2. c4 g6 3. Nc3 d5 4. Nf3 Bg7 5. h4 c6 6. Bg5 dxc4 7. e4 b5 8. e5 Nd5
9. h5 h6 10. hxg6 hxg5 11. Rxh8+ Bxh8 12. gxf7+ Kxf7 13. Nxg5+ Kg6 14. Qf3 Nxc3
15. bxc3 Kxg5 16. Qf7 Qd5 17. Qxe7+ Kh6 18. Qf8+ Bg7 19. Qxc8 c5 20. Qh3+ Kg6
21. Qg4+ Kh7 22. O-O-O Nc6 23. Be2 cxd4 24. Qf5+ Kg8 25. Bf3 Qxe5 26. Bd5+ 1-0

[Event "SportAccord Blitz Men 2013"]
[Site "Beijing CHN"]
[Date "2013.12.14"]
[Round "5.6"]
[White "Mamedyarov, Shakhriyar"]
[Black "Dominguez Perez, Leinier"]
[Result "1-0"]
[WhiteTitle "GM"]
[BlackTitle "GM"]
[WhiteElo "2757"]
[BlackElo "2754"]
[WhiteFideId "13401319"]
[BlackFideId "3503240"]
[EventDate "2013.12.14"]

1. d4 d5 2. c4 dxc4 3. e4 e5 4. Nf3 Nf6 5. Bxc4 Nxe4 6. O-O Nd6 7. dxe5 Nxc4 8.
Qa4+ b5 9. Qxb5+ c6 10. Qxc4 Ba6 11. Qc2 Bxf1 12. Kxf1 Be7 13. Nc3 O-O 14. Bf4
Nd7 15. Rd1 Qc8 16. Ne4 Re8 17. g3 Nf8 18. Kg2 c5 19. Nc3 Ne6 20. Be3 Bf8 21.
Qe4 Rb8 22. b3 Rb4 23. Qc2 Rd8 24. Nd5 Rb7 25. Ng5 Nxg5 26. Bxg5 Re8 27. Qe4 Kh8
28. Qf3 Rxe5 29. Nb6 axb6 30. Rd8 Qxd8 31. Bxd8 1-0

[Event "SportAccord Blitz Men 2013"]
[Site "Beijing CHN"]
[Date "2013.12.14"]
[Round "5.7"]
[White "Wang, Yue"]
[Black "Radjabov, Teimour"]
[Result "1/2-1/2"]
[WhiteTitle "GM"]
[BlackTitle "GM"]
[WhiteElo "2723"]
[BlackElo "2713"]
[WhiteFideId "8601429"]
[BlackFideId "13400924"]
[EventDate "2013.12.14"]

1. c4 g6 2. g3 Bg7 3. Bg2 c5 4. Nc3 Nc6 5. Nf3 e6 6. d3 Nge7 7. h4 h5 8. Bg5 d6
9. O-O O-O 10. a3 a5 11. Qd2 f6 12. Bh6 e5 13. Bxg7 Kxg7 14. Ne1 Be6 15. Nc2 d5
16. cxd5 Nxd5 17. Rfc1 Rc8 18. Rab1 b6 19. Bxd5 Bxd5 20. b4 cxb4 21. axb4 Nxb4
22. Nxb4 axb4 23. Nxd5 Qxd5 24. Qxb4 b5 25. Rxc8 Rxc8 26. Qe7+ Qf7 27. Qxf7+
Kxf7 28. Rxb5 Rc7 29. f4 exf4 30. gxf4 Rc1+ 31. Kg2 Re1 32. Rb2 Ke6 33. Kf3 Rh1
34. Rb6+ Kf7 35. d4 Rxh4 36. d5 Rh1 37. Rb7+ Ke8 38. e4 Re1 39. Rg7 Rd1 40. Rxg6
f5 41. Rg5 Rd3+ 42. Ke2 fxe4 43. Rxh5 Ke7 44. Re5+ Kf6 45. Rxe4 Rxd5 46. Kf3 Kf5
47. Re5+ Rxe5 48. fxe5 Kxe5 1/2-1/2

[Event "SportAccord Blitz Men 2013"]
[Site "Beijing CHN"]
[Date "2013.12.14"]
[Round "5.8"]
[White "Ivanchuk, Vassily"]
[Black "Karjakin, Sergey"]
[Result "1-0"]
[WhiteTitle "GM"]
[BlackTitle "GM"]
[WhiteElo "2731"]
[BlackElo "2756"]
[WhiteFideId "14100010"]
[BlackFideId "14109603"]
[EventDate "2013.12.14"]

1. e4 e5 2. Nf3 Nc6 3. Nc3 Nf6 4. Bb5 Nd4 5. Nxd4 exd4 6. Nd5 Nxd5 7. exd5 Be7
8. O-O O-O 9. c3 d6 10. Re1 Bf6 11. Bd3 g6 12. c4 Be5 13. b3 Qg5 14. Bb2 Bg4 15.
f3 Bh3 16. Qe2 Rae8 17. Qf2 Bd7 18. g3 Qh6 19. f4 Bf6 20. Bxd4 Bxd4 21. Qxd4 b6
22. Re3 Qg7 23. Qxg7+ Kxg7 24. Kf2 Kf6 25. a3 Ra8 26. Rae1 a5 27. Re7 Rad8 28.
g4 h6 29. h4 g5 30. hxg5+ hxg5 31. fxg5+ Kxg5 32. Bf5 Bxf5 33. gxf5 Rc8 34. Rd7
Rh8 35. Rxf7 Rh2+ 36. Kf3 Rh3+ 37. Ke2 Rxb3 38. Rg1+ Kf4 39. f6 Re8+ 40. Re7 Rf8
41. Rf1+ Kg5 42. Rg7+ Kh6 43. Rh1+ 1-0

[Event "SportAccord Blitz Men 2013"]
[Site "Beijing CHN"]
[Date "2013.12.14"]
[Round "6.1"]
[White "Aronian, Levon"]
[Black "Karjakin, Sergey"]
[Result "0-1"]
[WhiteTitle "GM"]
[BlackTitle "GM"]
[WhiteElo "2803"]
[BlackElo "2756"]
[WhiteFideId "13300474"]
[BlackFideId "14109603"]
[EventDate "2013.12.14"]

1. Nf3 Nf6 2. g3 d5 3. Bg2 e6 4. c4 Be7 5. d4 O-O 6. O-O dxc4 7. Qc2 a6 8. a4
Bd7 9. Qxc4 Bc6 10. Bg5 Bd5 11. Qc2 Be4 12. Qc4 Bd5 13. Qd3 c5 14. Nc3 Bc6 15.
Rfd1 Qa5 16. Bxf6 Bxf6 17. d5 exd5 18. Nxd5 Bxd5 19. Ng5 Bxg5 20. Qxd5 Nc6 21.
Qxg5 h6 22. Qf5 Rad8 23. e3 Rxd1+ 24. Rxd1 Qxa4 25. Bf3 Qb4 26. Rd6 Qxb2 27. Be4
g6 28. Qxc5 Ne5 29. f4 Ng4 30. Qc2 Qxc2 31. Bxc2 Nxe3 32. Bb3 Kg7 33. Rb6 Rb8
34. Kf2 Ng4+ 35. Kg2 Nf6 36. Bc4 Nd7 37. Rd6 Nc5 38. g4 b5 39. Bd5 b4 40. Rc6
Nd3 41. Bb3 Nxf4+ 42. Kg3 Ne2+ 0-1

[Event "SportAccord Blitz Men 2013"]
[Site "Beijing CHN"]
[Date "2013.12.14"]
[Round "6.2"]
[White "Radjabov, Teimour"]
[Black "Ivanchuk, Vassily"]
[Result "1-0"]
[WhiteTitle "GM"]
[BlackTitle "GM"]
[WhiteElo "2713"]
[BlackElo "2731"]
[WhiteFideId "13400924"]
[BlackFideId "14100010"]
[EventDate "2013.12.14"]

1. d4 Nf6 2. Nf3 g6 3. c4 Bg7 4. Nc3 d5 5. cxd5 Nxd5 6. e4 Nxc3 7. bxc3 c5 8.
Rb1 O-O 9. Be2 Qa5 10. Bd2 Qxa2 11. O-O Qe6 12. Bd3 b6 13. d5 Qd6 14. c4 Nc6 15.
h3 e5 16. Qa4 Ne7 17. Bc3 Bd7 18. Qd1 f5 19. Qe2 Rae8 20. exf5 Nxf5 21. Bxf5
gxf5 22. Qb2 Re7 23. Rfe1 e4 24. Bxg7 Rxg7 25. Ne5 f4 26. Nxd7 f3 27. g4 Qh6 1-0

[Event "SportAccord Blitz Men 2013"]
[Site "Beijing CHN"]
[Date "2013.12.14"]
[Round "6.3"]
[White "Dominguez Perez, Leinier"]
[Black "Wang, Yue"]
[Result "1/2-1/2"]
[WhiteTitle "GM"]
[BlackTitle "GM"]
[WhiteElo "2754"]
[BlackElo "2723"]
[WhiteFideId "3503240"]
[BlackFideId "8601429"]
[EventDate "2013.12.14"]

1. e4 c5 2. Nf3 e6 3. d4 cxd4 4. Nxd4 Nc6 5. Nc3 Qc7 6. Be3 a6 7. Qd2 Nf6 8.
O-O-O Bb4 9. f3 Ne7 10. Nde2 b5 11. Kb1 Ba5 12. a3 Bb7 13. Qd4 e5 14. Qc5 Rc8
15. Qxc7 Bxc7 16. Bg5 Ba5 17. b4 Bb6 18. a4 bxa4 19. Nxa4 Ba7 20. Ng3 h5 21. Bd3
h4 22. Nf1 d5 23. Nd2 h3 24. gxh3 Rxh3 25. Bxf6 gxf6 26. c4 dxc4 27. Nxc4 Rxc4
28. Bxc4 Rxf3 29. Rhe1 Bd4 30. Nc5 Rc3 31. Rc1 Bc8 32. Rxc3 Bxc3 33. Rd1 Bxb4
34. Nxa6 Ba5 35. Nc5 Bb6 36. Bb5+ Kf8 37. Nd7+ Bxd7 38. Bxd7 Bd4 39. Kc2 Kg7 40.
Kd3 Ng6 41. Ke2 Kh6 42. Kf3 Kg5 43. Be8 Nh4+ 44. Ke2 Kf4 45. Kd3 f5 46. Rf1+ Nf3
47. Bc6 Kg4 48. h3+ Kg3 49. exf5 Nh2 50. Rb1 Kxh3 51. Bd5 f6 52. Rb7 Ng4 53. Rg7
Kh4 54. Ke2 Nh6 55. Be4 Ng4 56. Rg6 Bc5 57. Kf3 Nh2+ 58. Kg2 Ng4 59. Kf3 Nh2+
60. Ke2 Ng4 61. Bf3 Nh2 62. Rxf6 Kg5 63. Rf7 Bd4 64. Be4 Ng4 65. Rg7+ Kf4 66.
Bb1 e4 67. Rf7 Nf6 68. Rf8 Kxf5 69. Rf7 Kf4 70. Rxf6+ Bxf6 1/2-1/2